[Event "Manizales Feria op 29th"]
[Site "Manizales"]
[Date "2024.01.08"]
[Round "6"]
[White "Giraldo Mejia, Dulze Maria"]
[Black "Guzman, Jose Fidias"]
[Result "0-1"]
[WhiteElo "1600"]
[BlackElo "1551"]
[PlyCount "36"]
[EventDate "2024.01.05"]
[EventType "swiss"]
[EventRounds "7"]
[EventCountry "COL"]
[SourceTitle "CB02_2024"]
[SourceDate "2024.01.10"]
[SourceVersion "1"]
[SourceVersionDate "2024.01.10"]
[SourceQuality "1"]

1. e4 d6 2. Nc3 Nf6 3. Nge2 g6 4. d3 Bg7 5. Rb1 c6 6. Ng3 Nbd7 7. Be2 0-0 8. 0-0 b5 9. b4 Bb7 10. d4 a5 11. a3 axb4 12. Rxb4 Ra5 13. Bb2 Qc7 14. Qb1 Rb8 15. Rd1 Ba6 16. d5 c5 17. Rb3 Rb6 18. Bc1 Qb8 0-1

[Event "Manizales Feria op 29th"]
[Site "Manizales"]
[Date "2024.01.08"]
[Round "7"]
[White "Guzman, Jose Fidias"]
[Black "Medina Caicedo, Victor Manuel"]
[Result "1/2-1/2"]
[WhiteElo "1551"]
[BlackElo "1593"]
[PlyCount "26"]
[EventDate "2024.01.05"]
[EventType "swiss"]
[EventRounds "7"]
[EventCountry "COL"]
[SourceTitle "CB02_2024"]
[SourceDate "2024.01.10"]
[SourceVersion "1"]
[SourceVersionDate "2024.01.10"]
[SourceQuality "1"]

1. e4 c6 2. d4 d5 3. exd5 cxd5 4. Nf3 Nf6 5. Nc3 Bg4 6. h3 Bh5 7. Be2 e6 8. Bg5 Be7 9. Qd2 Nc6 10. a3 Rc8 11. 0-0 Qb6 12. Be3 Na5 13. Na4 Qc6 1/2-1/2

[Event "Manizales Feria op 29th"]
[Site "Manizales"]
[Date "2024.01.07"]
[Round "4"]
[White "Pacheco, Juan Diego"]
[Black "Guzman, Jose Fidias"]
[Result "1-0"]
[WhiteElo "1746"]
[BlackElo "1551"]
[PlyCount "67"]
[EventDate "2024.01.05"]
[EventType "swiss"]
[EventRounds "7"]
[EventCountry "COL"]
[SourceTitle "CB02_2024"]
[SourceDate "2024.01.10"]
[SourceVersion "1"]
[SourceVersionDate "2024.01.10"]
[SourceQuality "1"]

1. c4 Nf6 2. Nc3 g6 3. g3 c6 4. Bg2 Bg7 5. Nf3 d6 6. d4 Bf5 7. 0-0 0-0 8. Qb3 Qc7 9. Rd1 Nbd7 10. Nh4 e6 11. e4 g5 12. Bxg5 Bg4 13. f3 Bh5 14. Be3 Rab8 15. Rac1 Bg6 16. Qc2 Rbc8 17. Qd2 Rfe8 18. Bh3 Rcd8 19. Kg2 Nb6 20. Ne2 e5 21. Nf5 Bf8 22. Bg5 Be7 23. Bh4 Nbd7 24. Nxe7+ Rxe7 25. dxe5 Rxe5 26. Qxd6 Qxd6 27. Rxd6 Nxe4 28. fxe4 Bxe4+ 29. Kf2 Rde8 30. Bxd7 Rb8 31. Bf6 Rh5 32. h4 Bf5 33. Nf4 Rh6 34. Bxf5 1-0

[Event "Manizales Feria op 29th"]
[Site "Manizales"]
[Date "2024.01.06"]
[Round "3"]
[White "Guzman, Jose Fidias"]
[Black "Vargas, Eduar Misael"]
[Result "1/2-1/2"]
[WhiteElo "1551"]
[BlackElo "1811"]
[PlyCount "53"]
[EventDate "2024.01.05"]
[EventType "swiss"]
[EventRounds "7"]
[EventCountry "COL"]
[SourceTitle "CB02_2024"]
[SourceDate "2024.01.10"]
[SourceVersion "1"]
[SourceVersionDate "2024.01.10"]
[SourceQuality "1"]

1. e4 c5 2. c3 d6 3. d4 cxd4 4. cxd4 e6 5. Nf3 g6 6. Bb5+ Bd7 7. Bxd7+ Nxd7 8. Nc3 Bg7 9. Bf4 e5 10. Bg5 f6 11. Be3 Ne7 12. Qb3 Qb6 13. Qa3 Qa6 14. Qxa6 bxa6 15. Ke2 Nb6 16. b3 0-0 17. Rac1 f5 18. Rc2 f4 19. Bd2 exd4 20. Nb1 Rae8 21. Kd3 d5 22. e5 Nd7 23. Re1 Rc8 24. Rxc8 Nxc8 25. Kxd4 Ncb6 26. Bb4 Re8 27. Nc3 1/2-1/2

[Event "Manizales op 27th"]
[Site "Manizales"]
[Date "2022.01.07"]
[Round "2"]
[White "Castro, Gerardo Antonio"]
[Black "Guzman, Jose Fidias"]
[Result "1-0"]
[WhiteElo "1618"]
[BlackElo "1628"]
[PlyCount "71"]
[EventDate "2022.01.06"]
[EventType "swiss"]
[EventRounds "8"]
[EventCountry "COL"]
[SourceTitle "CBM 206 Extra"]
[Source "ChessBase"]
[SourceDate "2022.03.31"]
[SourceVersion "1"]
[SourceVersionDate "2022.03.31"]
[SourceQuality "1"]

1. d4 Nf6 2. Bf4 d6 3. Nc3 g6 4. e4 Bg7 5. Qd2 c6 6. Nf3 Bg4 7. e5 Bxf3 8. exf6 Bxf6 9. gxf3 b5 10. Ne4 Bg7 11. Bh6 Bxh6 12. Qxh6 Qa5+ 13. c3 Nd7 14. Bh3 b4 15. Qe3 Qc7 16. f4 bxc3 17. Qxc3 Nb6 18. d5 0-0 19. Qxc6 Qd8 20. 0-0-0 f5 21. Nc3 Rc8 22. Qb5 Rc4 23. Kb1 Rxf4 24. Qe2 Rf6 25. Qe3 Rb4 26. Bf1 Qc7 27. Rc1 Qb7 28. Rc2 Kg7 29. Rg1 Rh4 30. f4 Nxd5 31. Nxd5 Qxd5 32. Qxe7+ Rf7 33. Qxh4 Qd2 34. Rc1 Qd4 35. Qg3 Rb7 36. Qc3 1-0

[Event "COL-ch U1700"]
[Site "Pereira"]
[Date "2019.03.24"]
[Round "6"]
[White "Guzman, Jose Fidias"]
[Black "Mesa, Francisco Sr"]
[Result "1/2-1/2"]
[WhiteElo "1683"]
[BlackElo "1545"]
[PlyCount "59"]
[EventDate "2019.03.21"]
[EventType "swiss"]
[EventRounds "9"]
[EventCountry "COL"]
[SourceTitle "CBM 189 Extra"]
[Source "ChessBase"]
[SourceDate "2019.06.03"]
[SourceVersion "1"]
[SourceVersionDate "2019.06.03"]
[SourceQuality "1"]

1. e4 e5 2. Nf3 Nc6 3. d4 exd4 4. Nxd4 Nxd4 5. Qxd4 c5 6. Qd1 d6 7. Nc3 Nf6 8. Bg5 Be7 9. Bb5+ Nd7 10. Bf4 0-0 11. Bxd6 Bxd6 12. Qxd6 a6 13. Be2 Qb6 14. Qxb6 Nxb6 15. Rd1 Be6 16. Rd6 Nc8 17. Rd2 b5 18. a3 Ne7 19. 0-0 Ng6 20. Rfd1 Nf4 21. Bf3 Rab8 22. Nd5 Ng6 23. Nc7 Bc8 24. Rd6 a5 25. Rd8 b4 26. axb4 cxb4 27. Rxf8+ Kxf8 28. Rd8+ Ke7 29. Rg8 Kd6 30. Ne8+ 1/2-1/2

[Event "Manizales op 26th"]
[Site "Manizales"]
[Date "2017.01.07"]
[Round "7"]
[White "Montoya, Duvan"]
[Black "Guzman, Jose Fidias"]
[Result "1-0"]
[WhiteElo "1975"]
[BlackElo "1698"]
[PlyCount "63"]
[EventDate "2017.01.04"]
[EventType "swiss"]
[EventRounds "9"]
[EventCountry "COL"]
[SourceTitle "CBM 176 Extra"]
[Source "ChessBase"]
[SourceDate "2017.03.02"]
[SourceVersion "1"]
[SourceVersionDate "2017.03.02"]
[SourceQuality "1"]

1. e4 d6 2. f4 g6 3. Nf3 Bg7 4. d4 c5 5. d5 Bg4 6. Nc3 Nf6 7. Be2 0-0 8. 0-0 Na6 9. h3 Bd7 10. g4 Nc7 11. e5 Nfe8 12. Be3 a6 13. a4 b5 14. axb5 axb5 15. Qd2 Qb8 16. Ne4 Qb7 17. c4 bxc4 18. Bxc4 Na6 19. Ra5 Nb4 20. Rfa1 Rxa5 21. Rxa5 Qb6 22. Rxc5 dxc5 23. Bxc5 Qd8 24. Qxb4 Nc7 25. Bxe7 Qa8 26. Bxf8 Bxf8 27. Nf6+ Kg7 28. Qc3 Bc5+ 29. Kg2 Ba4 30. e6 Be7 31. Ne8+ Kg8 32. Qg7# 1-0

[Event "Manizales op 26th"]
[Site "Manizales"]
[Date "2017.01.06"]
[Round "5"]
[White "Marin Ortiz, Orlando"]
[Black "Guzman, Jose Fidias"]
[Result "1-0"]
[WhiteElo "1897"]
[BlackElo "1698"]
[PlyCount "69"]
[EventDate "2017.01.04"]
[EventType "swiss"]
[EventRounds "9"]
[EventCountry "COL"]
[SourceTitle "CBM 176 Extra"]
[Source "ChessBase"]
[SourceDate "2017.03.02"]
[SourceVersion "1"]
[SourceVersionDate "2017.03.02"]
[SourceQuality "1"]

1. e4 d6 2. d4 Nf6 3. Bd3 g6 4. c4 Bg7 5. Nc3 0-0 6. Bg5 c6 7. Qd2 Qb6 8. Nge2 Nbd7 9. 0-0 c5 10. dxc5 dxc5 11. Bc2 Qd8 12. Rfd1 b6 13. e5 Ng4 14. Qd5 Rb8 15. e6 Rb7 16. exd7 Rxd7 17. Qc6 Ne5 18. Rxd7 Bxd7 19. Qd5 Qc7 20. Bxe7 Re8 21. Bd6 Qc8 22. Bxe5 Rxe5 23. Qd2 Bc6 24. Rd1 Qg4 25. Ng3 Qxc4 26. Bb3 Qg4 27. Qd8+ Be8 28. h3 Qf4 29. Nd5 Qg5 30. Nc7 Qxd8 31. Rxd8 Kf8 32. Ba4 Re1+ 33. Kh2 Bxb2 34. Rxe8+ Rxe8 35. Nxe8 1-0

[Event "Manizales op 20th"]
[Site "Manizales"]
[Date "2008.01.10"]
[Round "1"]
[White "Lopez Perdomo, Juan David"]
[Black "Guzman, Jose Fidias"]
[Result "1-0"]
[WhiteElo "2145"]
[BlackElo "1605"]
[PlyCount "49"]
[EventDate "2008.01.10"]
[EventType "swiss"]
[EventRounds "7"]
[EventCountry "COL"]
[SourceTitle "EXT 2010"]
[Source "ChessBase"]
[SourceDate "2010.11.25"]
[SourceVersion "1"]
[SourceVersionDate "2010.11.25"]
[SourceQuality "1"]

1. e4 d6 2. d4 Nf6 3. f3 g6 4. Be3 Bg7 5. Bd3 Nbd7 6. Ne2 e5 7. c3 a6 8. a4 exd4 9. cxd4 0-0 10. Nbc3 c6 11. 0-0 Re8 12. Qd2 Qc7 13. a5 b6 14. axb6 Nxb6 15. Rfc1 Bb7 16. g4 Rad8 17. Bxa6 Bxa6 18. Rxa6 Qb7 19. Qd3 Rb8 20. Rca1 Ra8 21. d5 c5 22. Qb5 Reb8 23. Rxa8 Rxa8 24. Rxa8+ Qxa8 25. Qxb6 1-0